000 00342nam a22001217a 4500
008 160729b xxu||||| |||| 00| 0 eng d
050 _aBS2625.R32 1975
100 _aRead David
_924457
245 _aGood news in letters of Paul
_c/ David Read
260 _aCollins
_bFontana Books
_c1975
300 _a157p. ;
_c16cm.
942 _2lcc
_cMONOGRAPH
999 _c124812
_d124812